000 00537nam a22001697a 4500
999 _c8497
_d8497
008 201125b ||||| |||| 00| 0 eng d
040 _aBMS College of Architecture
100 _aS, Yashwant
245 _aMulti Modal rural scale railway station Podanur
300 _a168p.
500 _a1BM14AT116
502 _8B,Arch
_NBMS College of Architecture, Visvesvaraya Technological University (VTU)
_aProject report
_d2018
650 _aRailway Station
700 _aNeetha S N
_eGuide
700 _aPraveen Alva
_eGuide
942 _2ddc
_cTHE